| 000 | 00737nam a2200229 a 4500 | ||
|---|---|---|---|
| 001 | 58658 | ||
| 003 | BD-RjUL | ||
| 005 | 20211209080638.0 | ||
| 008 | 161219s1959 enk||||| |||| 001 0 eng d | ||
| 035 | _a(BD-RjUL)58782 | ||
| 040 |
_cBD-RjUL _dBD-RjUL _beng _aBD-RjUL |
||
| 041 | _aeng | ||
| 082 |
_223 _a338.620941 _bRAP 1959 |
||
| 100 | 1 |
_aRamanadham, V. V. _q(Venkata Vemuri), _d1920- _9174342 |
|
| 245 | 1 | 0 |
_aPublic enterprise in Britain : _bthoughts on recent experiences / _cV. V. Ramanadham. |
| 260 |
_aLondon : _bF. Cass, _cc1959. |
||
| 300 |
_a175 p. ; _c22 cm. |
||
| 500 | _aIncludes index. | ||
| 650 | 0 |
_aPublic enterprises _zGreat Britain. _9174343 |
|
| 650 | 0 |
_aGovernment corporations _zGreat Britain. _9174344 |
|
| 942 |
_2ddc _cBK |
||
| 999 |
_c58658 _d58658 |
||